00230 a2200121 4500001000700000020000600007040001100013100001600024240002800040245002300068300000800091362000900099182805 a  cMagnum aMalba Tahan10aMinha vida queridalpor10aMinha vida querida a2040 a1963